Administratívno-výrobný areál

Saved in:
Bibliographic Details
Main Author: Duraku, Adéa (Author)
Other Authors: Dlhý, Dušan (Thesis advisor)
Format: Manuscript Book
Language:Slovak
Published: 2025
Subjects:
Online Access:http://is.stuba.sk/zp/portal_zp.pl?podrobnosti=184315
CRZP
Tags: Add Tag
No Tags, Be the first to tag this record!

MARC

LEADER 00000ntm a22000003a 4500
001 stuzp104415
003 SK-STU
005 20250722144551.1
007 ta
008 150427s2015----xo-----f-mn---000-0-slo-d
040 |a STU  |b slo 
041 0 |a slo 
100 1 |a Duraku, Adéa  |u 010180  |4 aut  |U SvF Stavebná fakulta  |T SvF Katedra konštrukcií pozemných stavieb  |X 103682  |U V180  |Y 18  |7 103682 
242 0 1 |a Administrative and production area  |y eng 
245 1 0 |a Administratívno-výrobný areál 
260 |c 2025 
650 4 |a constructions  |2 eng 
650 4 |a project for implementation  |2 eng 
650 4 |a new construction  |2 eng 
650 4 |a Production hall  |2 eng 
650 4 |a Administrative building  |2 eng 
650 4 |a Konštrukcie  |2 slo 
650 4 |a Projekt na realizáciu  |2 slo 
650 4 |a Novostavba  |2 slo 
650 4 |a Výrobná hala  |2 slo 
650 4 |a Administratívna budova  |2 slo 
700 1 |a Dlhý, Dušan  |u 010180  |k Z1  |4 ths  |U SvF Stavebná fakulta  |T SvF Katedra konštrukcií pozemných stavieb  |X 712  |U V180  |Y 18  |7 A000000712 
856 4 |u http://is.stuba.sk/zp/portal_zp.pl?podrobnosti=184315 
856 4 |u https://opac.crzp.sk/?fn=detailBiblioForm&sid=BBB70232DB8D19E5FF24B5DCF3EF  |z CRZP